Statistics for Top 5 Songs On Eternal Atake (Lil Uzi Vert)

Click here to take the quiz!

General Stats

  • This quiz has been taken 7 times
  • The average score is 3 of 5

Answer Stats

HintAnswer% Correct
171,836,238Baby Pluto
80%
150,319,737Lo Mein
80%
299,814,443P2
60%
303,594,371Futsal Shuffle 2020 (Bonus Track)
40%
266,203,173That Way (Bonus Track)
20%

Score Distribution

Percentile by Number Answered

Percent of People with Each Score

Your Score History

You have not taken this quiz